Welcome to the Holygrace Academy Library

Please use search bar below to get started

A TEXTBOOK OF VECTOR ANALYSIS (Record no. 1283)

MARC details
000 -LEADER
fixed length control field 00340nam a22001457a 4500
020 ## - INTERNATIONAL STANDARD BOOK NUMBER
ISBN 81-219-2243-7
082 ## - DEWEY DECIMAL CLASSIFICATION NUMBER
Classification number 510
Item number NAR/T
100 ## - MAIN ENTRY--AUTHOR NAME
Personal name NARAYAN SHANTI
100 ## - MAIN ENTRY--AUTHOR NAME
Personal name MITTAL, P.K
245 ## - TITLE STATEMENT
Title A TEXTBOOK OF VECTOR ANALYSIS
260 ## - PUBLICATION, DISTRIBUTION, ETC. (IMPRINT)
Place of publication DELHI
Name of publisher S.CHAND & COMPANY
Year of publication 2005
300 ## - PHYSICAL DESCRIPTION
Number of Pages 391
650 ## - SUBJECT ADDED ENTRY--TOPICAL TERM
Topical Term MATHS REFERENCE
Geographic subdivision INDIA
942 ## - ADDED ENTRY ELEMENTS (KOHA)
Koha item type Books
Holdings
Withdrawn status Lost status Collection code Home library Current library Shelving location Date acquired Source of acquisition Cost, normal purchase price Full call number Accession Number Koha item type
    Reference Main Library Main Library SHELF-5 A REFERENCE MATHS 23/10/2006 purchase 105.00 510 NAR/T 03340 Books